Postupy štátu a EÚ v oblasti daní pri ochrane príjmov štátneho rozpočtu

Dane ako hlavný zdroj príjmov štátneho rozpočtu. Daňová politika štátu a daňové úniky. Administratívna spolupráca členských krajín a spolupráca zložiek štátnej správy a EÚ. Činnosti a systémy správcu dane zamerané na elimináciu daňových únikov v oblasti spotrebných daní.

Enregistré dans:
Détails bibliographiques
Auteur principal: Schultzová, Anna
Format: Chapitre de livre
Langue:slovaque
Sujets:
Tags: Ajouter un tag
Pas de tags, Soyez le premier à ajouter un tag!

MARC

LEADER 00000nla$a2200000$$$4500
001 0125118
005 20240502072426.0
041 0 |a slo 
044 |a SK 
245 1 0 |a Postupy štátu a EÚ v oblasti daní pri ochrane príjmov štátneho rozpočtu  |c Anna Schultzová 
520 |a Dane ako hlavný zdroj príjmov štátneho rozpočtu. Daňová politika štátu a daňové úniky. Administratívna spolupráca členských krajín a spolupráca zložiek štátnej správy a EÚ. Činnosti a systémy správcu dane zamerané na elimináciu daňových únikov v oblasti spotrebných daní. 
610 2 0 |a dane 
610 2 0 |a politika daňová 
610 2 0 |a únik daňový 
610 2 0 |a spolupráca medzinárodná 
610 2 0 |a Európska únia 
100 1 |a Schultzová, Anna